000 01434cam a22001934a 4500
005 20250605164048.0
008 250528s ||||||||||||||||||||||||d
035 _a17184
020 _a9602860081
040 _aGR-AtMCL
_bgre
_dGR-AtMCL
_eAACR2
245 1 _aΒασικές Αρχές της Οικονομίας
260 _bΈλλην,
_c1992
300 _a102
520 _aΒασικές Έννοιες και Προβλήματα της Οικονομίας, Η Φύση του Οικονομικού Προβλήματς, Οι Βάσεις της Οικονομικής Προόδου, Η Οργάνωση της Οικονομίας και τα Οικονομικά Συστήματα, Η Λειτουργία της Αγοράς, Ο Προγραμματισμός στην Ελλάδα, Τα Μέσα Δράσης του Κράτους, Το Κράτος και οι Στόχοι του στις Ελεύθερες Οικονομίες, Τομείς και Κλάδοι Παραγωγής, Η Σύνοδος του Μάαστριχ και τα Οφέλη που είναι Δυνατόν να Προκύψουν για την Ελληνική Οικονομία, Ανθρώπινος Παράγοντας και Οικονομική Ανάπτυξη και Κράτος, Παράρτημα, Βιβλιογραφία.
700 1 _aΚομισοπούλου Φ
_93345
942 _cBK
999 _c2619
_d2619